Customer Value Creating and Customer Profitability Modeling
Analýza individuálnych zákazníckych dát. Model na riadenie marketingových aktivít pre individuálneho zákazníka. Nefinančná stránka zákazníckej hodnoty. Parametrická štruktúra modelov.
Guardado en:
| Autor principal: | |
|---|---|
| Formato: | Capítulo de libro |
| Lenguaje: | inglés |
| Materias: | |
| Etiquetas: |
Sin Etiquetas, Sea el primero en etiquetar este registro!
|
MARC
| LEADER | 00000naa$a2200000$$$4500 | ||
|---|---|---|---|
| 001 | 0196121 | ||
| 005 | 20240502073315.8 | ||
| 041 | 0 | |a eng | |
| 044 | |a SK | ||
| 245 | 1 | 0 | |a Customer Value Creating and Customer Profitability Modeling |c Milan Oreský |
| 520 | |a Analýza individuálnych zákazníckych dát. Model na riadenie marketingových aktivít pre individuálneho zákazníka. Nefinančná stránka zákazníckej hodnoty. Parametrická štruktúra modelov. | ||
| 610 | 2 | 0 | |a tvorba zisku |
| 610 | 2 | 0 | |a investície nevýrobné |
| 610 | 2 | 0 | |a marketing |
| 610 | 2 | 0 | |a ukazovatele nefinančné |
| 610 | 2 | 0 | |a ukazovatele rentability |
| 100 | 1 | |a Oreský, Milan, 1956- | |